Reporting and news writing / (Record no. 147277)

MARC details
000 -LEADER
fixed length control field 00556nam a22001937a 4500
005 - DATE AND TIME OF LATEST TRANSACTION
control field 20171109152721.0
010 ## - LCCN (DPL NO)
LC control number ENG-121295
020 ## - INTERNATIONAL STANDARD BOOK NUMBER
International Standard Book Number 9789387225008
Terms of availability 1295.00
035 ## - SYSTEM CONTROL NUMBER
System control number EN-104827
037 ## - SOURCE OF ACQUISITION
Source of stock number/acquisition DBAD/PUB
082 ## - DEWEY DECIMAL CLASSIFICATION NUMBER
Classification number 070.43
100 ## - MAIN ENTRY--PERSONAL NAME
Personal name Sharma, K M
245 ## - TITLE STATEMENT
Title Reporting and news writing /
Statement of responsibility, etc edited by K M Sharma
260 ## - PUBLICATION, DISTRIBUTION, ETC. (IMPRINT)
Place of publication, distribution, etc Agra
Name of publisher, distributor, etc Sunjoy
Date of publication, distribution, etc 2017
270 ## - ADDRESS
Address B-51, Kamla Nagar
City Agra (U.P)
Postal code 282005
300 ## - PHYSICAL DESCRIPTION
Extent vii,304p.
Dimensions 23cm(Hb)
500 ## - GENERAL NOTE
General note Includes bibliographical and index
942 ## - ADDED ENTRY ELEMENTS (KOHA)
Source of classification or shelving scheme Dewey Decimal Classification
Item type English Books
Classification part 070.43
Call number suffix SHA
Holdings
Withdrawn status Lost status Not for loan Collection code Home library Current library Date acquired Source of acquisition Cost, normal purchase price Full call number Barcode Copy number Cost, replacement price Koha item type
      Non-fiction Patel Nagar Patel Nagar 09/11/2017 DBAD/PUB 1295.00 070.43 SHA EN-104827 1 1295.00 English Books

© Delhi Public Library
Hit Counter
free hit counter